Electronic communications /

מידע ביבליוגרפי
מחבר ראשי: Roddy, Dennis, 1931-
מחברים אחרים: Coolen, John
פורמט: ספר
שפה:English
יצא לאור: Englewood Cliffs, NJ ; New Delhi : Pearson/Prentice Hall , c2008.
מהדורה:Forth edition.
נושאים:
Classic Catalogue: View this record in Classic Catalogue
LEADER 01923nam a2200325 a 4500
001 17707
003 BD-DhAAL
008 100309s2008 njua 001 0 eng d
010 |a  94014041  
020 |a 8131705110 
020 |a 013312083X 
040 |a DLC  |c DLC  |d DLC  |d DB-DhAAL 
082 0 0 |a 621.382  |2 20 
100 1 |a Roddy, Dennis,  |d 1931-  |9 57623 
245 1 0 |a Electronic communications /  |c Dennis Roddy, John Coolen. 
250 |a Forth edition. 
260 |a Englewood Cliffs, NJ ;  |a New Delhi :  |b Pearson/Prentice Hall ,  |c c2008. 
300 |a ix, 820 p. :  |b ill. ;  |c 26 cm 
504 |a Includes index. 
526 |a MNS  |x Mahabobe Shobahani Faculty Member of BRAC University Course Name : Introduction to Communication Engineering (ECE 310) 
541 1 |e 17707, 17708, 19942  |a Essence Science Publications 
650 0 |a Telecommunication. 
700 1 |a Coolen, John.  |9 57624 
852 4 |a Ayesha Abed Library   |c General Stacks 
942 |2 ddc  |c BK 
999 |c 8967  |d 8967 
952 |0 0  |1 0  |2 ddc  |4 0  |6 621_382000000000000_ROD_2008  |7 0  |9 11032  |a BRACUL  |b BRACUL  |c GEN  |d 2010-06-16  |l 1  |m 14  |o 621.382 ROD  |p 3010019942  |r 2026-05-20  |s 2026-02-03  |t 3  |w 2010-06-16  |y BK 
952 |0 0  |1 0  |2 ddc  |4 0  |6 621_382000000000000_ROD_2008  |7 0  |9 11033  |a BRACUL  |b BRACUL  |c GEN  |d 2010-06-16  |l 0  |o 621.382 ROD  |p 3010019943  |r 2010-06-16  |t 4  |w 2010-06-16  |y BK 
952 |0 0  |1 0  |2 ddc  |4 0  |6 621_382000000000000_ROD_2008  |7 0  |9 11034  |a BRACUL  |b BRACUL  |c GEN  |d 2010-06-16  |e Essence Science Publications  |g 714.00  |l 0  |o 621.382 ROD  |p 3010017707  |r 2010-06-16  |t 1  |w 2010-06-16  |y BK  |x Requisitioned by Mahabobe Shobahani for the course named- "Introduction to Communcation Engineering (ECE 310)". 
952 |0 0  |1 0  |2 ddc  |4 0  |6 621_382000000000000_ROD_2008  |7 0  |9 11035  |a BRACUL  |b BRACUL  |c GEN  |d 2010-06-16  |e Essence Science Publications  |g 714.00  |l 0  |o 621.382 ROD  |p 3010017708  |r 2010-06-16  |t 2  |w 2010-06-16  |y BK  |x Requisitioned by Mahabobe Shobahani for the course named- "Introduction to Communcation Engineering (ECE 310)".